000 01198nam0a2200313 i 4500
001 RU\NLR\BIBL_A\011307560
005 20240921201936.0
010 _a9785990864818
_950
021 _aRU
_b2016-95867
_96349
035 _a(NLR Aleph) 011307560
090 _a11004491
_c11004491
100 _a20170112d2016 u y0rusy50 ca
101 0 _arus
102 _aRU
105 _ay z 000zy
200 1 _aЖивое вино - нелегкий путь познания или Проблемы качества науки о вине
_fКосюра В.Т.
210 _aСевастополь
_cРИБЕСТ
_d2016
215 _a367 с.
_cил., табл.
_d21
300 _aНа 4-й с. обл. авт.: Косюра В.Т., д.т.н., проф.
320 _aБиблиогр.: с. 358-367 (157 назв.)
517 1 _aПроблемы качества науки о вине
606 1 _aВино
_xКачество
_92124247
_3RU\NLR\AUTH\661282373
686 1 _aЛ80-106
686 1 _aУ30(2)675.25-823.2
700 1 _aКосюра
_bВ. Т.
_f1938-
_gВладимир Терентьевич
942 _cBOOK
980 _aNBR